000 00703nam a22002537a 4500
001 0074
003 DO-SdBNP
005 20230713094845.0
007 0074
008 151110b1993 cl || 00| 0 spa d
020 _a9789586077446
040 _aBPMSU
_bspa
_cBPMSU
082 4 _a266
_bC355c 1993
_222
100 1 _aCastro, Luis Augusto
_cMonseñor.
245 1 3 _aEl cristiano hombre planetario /
_bLuis Augusto Castro
260 _aBogota, Colombia :
_bSan Pablo,
_c1993
300 _a292 p. ;
_c18 cm.
490 0 _aComunidad y misión
590 _6Inventariado, 2023/VM
650 4 _aMisioneros
650 4 _aTeología pastoral
910 _aVMateo V. Control de calidad (BPMSU)
942 _2ddc
_cBK
999 _c8625
_d8625